| 000 | 00648nam a22002297a 4500 | ||
|---|---|---|---|
| 003 | BD-DhJNU | ||
| 005 | 20250804062100.0 | ||
| 008 | 250804b |||||||| |||| 00| 0 eng d | ||
| 020 | _a0395426375 | ||
| 040 |
_aBD-DhJNU _bENG _cBD-DhJNU _dBD-DhJNU |
||
| 082 |
_223 _a959.7040924 DII |
||
| 100 | _aBui, Diem | ||
| 245 |
_a In the jaws of history / _cDiem Bui and David Chanoff |
||
| 260 |
_aBoston : _bHoughton Mifflin, _c1987. |
||
| 300 |
_a x, 367p. : _bill. ; _c24 cm. |
||
| 650 | _aAutobiographies | ||
| 650 | _aAutobiography | ||
| 650 | _aBiography | ||
| 650 | _aDiplomatic relations | ||
| 700 | _aChanoff, David | ||
| 942 |
_2ddc _cBK _n0 |
||
| 999 |
_c1968 _d1968 |
||